000 00279nam a2200121Ia 4500
008 220216s9999 xx 000 0 und d
100 _aDutia Pankaj
245 0 _aCarbon black industry
260 _bRubber News
_c1996
300 _a32-35
650 _aCarbon black
942 _cJS
999 _c55111
_d55111